000 00752nam a22002657i 4500
003 DO-SdBNP
005 20250812114207.0
007 ta
008 250812s20? dr 000 0 spa d
020 _a9789945626856
040 _aDO-SdBNP
_bspa
_cBNPHU
_erda
041 _asp
082 _axxx
_bP622d
_222
100 1 _aPierre-Louis, Ricardo
_eautor
_988479
245 1 0 _aDíalogo en versos /
_cRicardo Pierre-Louis
250 _aPrimera edición
264 _aSanto Domingo :
_bSantuario,
_c[fecha no identificada]
300 _a155 páginas ;
_c24 cm.
336 _ardacontent
_btexto
_2txt
337 _ardamedia
_bsin mediación
_2n
338 _ardacarrier
_bvolumen
_2nc
590 _aInventariado,2025/DG
910 _aDG
942 _2ddc
_cLBS1
999 _c59772
_d59772